| 000 | 00555ntaaa2200205 4500 | ||
|---|---|---|---|
| 003 | 01 | ||
| 005 | 20251027200747.0 | ||
| 008 | 0714s1973 ag 01 | ||
| 040 |
_aAR-BaBN _bspa _cAR-BaBN _eaacr _dRIC |
||
| 082 | _a783.9 H55 | ||
| 100 |
_aHill, John L. _93828 |
||
| 245 |
_aChapel Book / _cJohn L. Hill |
||
| 250 | _a1 ed. | ||
| 260 |
_as/l : _bS.S. Board of the Southern Baptist Convention, _c1923 |
||
| 300 | _a114 p | ||
| 500 | _aHimnos,canciones espirituales,patrioticas y baladas populares | ||
| 650 | _aMusica | ||
| 650 | _aHimnario | ||
| 942 | _cBK | ||
| 999 |
_c1825 _d1825 |
||